<?xml version="1.0" encoding="UTF-8"?>
<collection xmlns="http://www.loc.gov/MARC21/slim">
 <record>
  <leader>01330nam a22002777a 4500</leader>
  <controlfield tag="001">NCT_82693</controlfield>
  <controlfield tag="008">200724b        xxu||||| |||| 00| 0 vie d</controlfield>
  <datafield tag="999" ind1=" " ind2=" ">
   <subfield code="c">4070</subfield>
   <subfield code="d">4070</subfield>
  </datafield>
  <datafield tag="020" ind1=" " ind2=" ">
   <subfield code="a">9810202709</subfield>
  </datafield>
  <datafield tag="082" ind1="0" ind2="4">
   <subfield code="2">23rd ed.</subfield>
   <subfield code="a">539.7</subfield>
   <subfield code="b">K784</subfield>
  </datafield>
  <datafield tag="245" ind1="0" ind2="0">
   <subfield code="a">Neutrinos and other matters :</subfield>
   <subfield code="b">Selected works of Frederick Reines</subfield>
   <subfield code="c">W. Kropp ... [et al.]</subfield>
  </datafield>
  <datafield tag="260" ind1=" " ind2=" ">
   <subfield code="a">Singapore</subfield>
   <subfield code="b">World Scientific</subfield>
   <subfield code="c">1991</subfield>
  </datafield>
  <datafield tag="300" ind1=" " ind2=" ">
   <subfield code="a">xxxii, 580 p.</subfield>
   <subfield code="b">ill.</subfield>
   <subfield code="c">26cm</subfield>
  </datafield>
  <datafield tag="504" ind1=" " ind2=" ">
   <subfield code="a">Includes bibliographical references</subfield>
  </datafield>
  <datafield tag="520" ind1="3" ind2=" ">
   <subfield code="a">This volume is a collection of the scientific papers of Frederick Reines. The selected papers here cover many aspects of his work in neutrino physics, astrophysics and conservation law tests.</subfield>
  </datafield>
  <datafield tag="653" ind1=" " ind2=" ">
   <subfield code="a">Cơ bản</subfield>
  </datafield>
  <datafield tag="700" ind1="1" ind2=" ">
   <subfield code="a">Kropp, W</subfield>
  </datafield>
  <datafield tag="700" ind1="1" ind2=" ">
   <subfield code="a">Moe, M</subfield>
  </datafield>
  <datafield tag="700" ind1="1" ind2=" ">
   <subfield code="a">Price, L</subfield>
  </datafield>
  <datafield tag="700" ind1="1" ind2=" ">
   <subfield code="a">Schultz, J</subfield>
  </datafield>
  <datafield tag="700" ind1="1" ind2=" ">
   <subfield code="a">Sobel, H</subfield>
  </datafield>
  <datafield tag="942" ind1=" " ind2=" ">
   <subfield code="2">ddc</subfield>
   <subfield code="c">BK</subfield>
  </datafield>
  <datafield tag="952" ind1=" " ind2=" ">
   <subfield code="0">0</subfield>
   <subfield code="1">0</subfield>
   <subfield code="2">ddc</subfield>
   <subfield code="4">0</subfield>
   <subfield code="6">539_700000000000000_K784</subfield>
   <subfield code="7">0</subfield>
   <subfield code="9">20004</subfield>
   <subfield code="a">000001</subfield>
   <subfield code="b">000001</subfield>
   <subfield code="d">2020-07-24</subfield>
   <subfield code="o">539.7 K784</subfield>
   <subfield code="p">MD.17457</subfield>
   <subfield code="r">2020-07-24</subfield>
   <subfield code="w">2020-07-24</subfield>
   <subfield code="y">BK</subfield>
  </datafield>
  <datafield tag="952" ind1=" " ind2=" ">
   <subfield code="0">0</subfield>
   <subfield code="1">0</subfield>
   <subfield code="2">ddc</subfield>
   <subfield code="4">0</subfield>
   <subfield code="6">539_700000000000000_K784</subfield>
   <subfield code="7">0</subfield>
   <subfield code="9">20005</subfield>
   <subfield code="a">000001</subfield>
   <subfield code="b">000001</subfield>
   <subfield code="d">2020-07-24</subfield>
   <subfield code="o">539.7 K784</subfield>
   <subfield code="p">MD.17458</subfield>
   <subfield code="r">2020-07-24</subfield>
   <subfield code="w">2020-07-24</subfield>
   <subfield code="y">BK</subfield>
  </datafield>
  <datafield tag="952" ind1=" " ind2=" ">
   <subfield code="0">0</subfield>
   <subfield code="1">0</subfield>
   <subfield code="2">ddc</subfield>
   <subfield code="4">0</subfield>
   <subfield code="6">539_700000000000000_K784</subfield>
   <subfield code="7">0</subfield>
   <subfield code="9">20006</subfield>
   <subfield code="a">000001</subfield>
   <subfield code="b">000001</subfield>
   <subfield code="d">2020-07-24</subfield>
   <subfield code="o">539.7 K784</subfield>
   <subfield code="p">MD.17459</subfield>
   <subfield code="r">2020-07-24</subfield>
   <subfield code="w">2020-07-24</subfield>
   <subfield code="y">BK</subfield>
  </datafield>
  <datafield tag="980" ind1=" " ind2=" ">
   <subfield code="a">Thư viện Trường Đại học Nam Cần Thơ</subfield>
  </datafield>
 </record>
</collection>
